| 000 | 00832cam a22002535a 4500 | ||
|---|---|---|---|
| 001 | 18246659 | ||
| 005 | 20160811152717.0 | ||
| 008 | 140730t2015 nyua frb 001 0 eng d | ||
| 020 | _a9781461483403 (hard cover : alk. paper) | ||
| 040 |
_aDLC _beng _cDLC _dEG-ScBUE |
||
| 082 | 0 | 4 |
_222 _a617.52059 _bFER |
| 245 | 0 | 0 |
_aFerraro's fundamentals of maxillofacial surgery / _ceditors Peter J. Taub ... [et al.] |
| 250 | _a2nd ed. | ||
| 260 |
_aNew York : _bSpringer Science, _cc.2015. |
||
| 300 |
_axiv, 510 p. : _bill. (col.) ; _c29 cm. |
||
| 500 | _aIndex : p. 493-510. | ||
| 504 | _aIncludes bibliographical references. | ||
| 650 | 7 |
_935960 _aFace _xSurgery. _2BUEsh |
|
| 651 | _2BUEsh | ||
| 653 |
_bDDent _cJune2015 _cJanuary2016 |
||
| 650 | 7 |
_935959 _aMaxilla _xSurgery _2BUEsh |
|
| 700 | 1 |
_aTaub, Peter J., _eeditor. |
|
| 942 | _2ddc | ||
| 999 |
_c20088 _d20060 |
||